| 000 | 00669nam a2200217Ia 4500 | ||
|---|---|---|---|
| 003 | GCL | ||
| 008 | 140319s9999 xx 000 0 ara d | ||
| 020 | _a6141232977 | ||
| 040 |
_aGCL / _cGCL |
||
| 082 | 0 | 4 |
_a746.92 _bث ت |
| 100 | 1 | _aثريا نصر | |
| 245 | 1 | 0 |
_aتاريخ ازياء الشعوب / _cثريا نصر |
| 260 |
_aالقاهرة : _bعالم الكتب الحديث ، _c1998 |
||
| 300 |
_a783 ص ؛ _c30 سم |
||
| 650 | 0 | 4 | _aالفنون الشعبية |
| 650 | 0 | 4 | _aالازياء الشعبية |
| 650 | 0 | 4 | _aالازياء - تاريخ |
| 650 | 0 | 4 | _aالنساء - ازياء |
| 650 | 0 | 4 | _aالرجال - ازياء |
| 942 |
_2ddc _cBK |
||
| 999 |
_c44965 _d44965 |
||